| 000 | 01458nam a2200301Ia 4500 | ||
|---|---|---|---|
| 999 |
_c36560 _d36560 |
||
| 001 | 2479 | ||
| 003 | GE_BSU | ||
| 005 | 20220302111558.0 | ||
| 008 | 181216s2010||||ge |||||||||||||| ||geo|| | ||
| 020 | _a9789941030901 | ||
| 040 | _cGE_BSU | ||
| 041 | _ageo | ||
| 080 | _a371.3 ჩ–31 | ||
| 100 | _4ჩაჩხიანი, ქეთევან | ||
| 245 |
_aსასწავლო პროცესის ხელმძღვანელობა : _bგზამკვლევი სკოლების ადმინისტრაციისთვის / _cქეთევან ჩაჩხიანი, შალვა ტაბატაძე ; რედ. კახა გაბუნია. |
||
| 250 | _aI-ლი გამოც. | ||
| 264 |
_aთბილისი, _c2010. |
||
| 300 |
_a199 გვ.: _b სქ., ცხრ. ; _c23 სმ. |
||
| 501 | _aდანართები: გვ. 162-188. | ||
| 504 | _aბიბლიოგრ.: გვ. 189-199. | ||
| 541 | _h10 ლ. | ||
| 653 | _aსასწავლო პროცესის ორგანიზაცია | ||
| 653 | _aსკოლის მართვა | ||
| 653 | _aსასწავლო-აღმზრდელობითი მუშაობა | ||
| 700 |
_aტაბატაძე, შალვა _eავტორი _913583 |
||
| 700 |
_aგაბუნია, კახა _eრედაქტორი _94175 |
||
| 942 |
_cBK _2udc |
||